Statistics for General knowledge quiz easy

Click here to take the quiz!

General Stats

  • This quiz has been taken 45 times
  • The average score is 5 of 10

Answer Stats

QuestionAnswer% Correct
Who sing the song 'Let it be'?The beatles
79%
Which chemical in the periodic table has a aberration of PbLead
63%
Smallest planet in the solar system?None of the above
61%
Who is Nezuko KamadoA anime character
55%
1+2+3+4+5.......+100=?5050
53%
What is AGTA tv show
45%
Which country is the smallestAntigua and barbuda
37%
Which coutry is in the time zone Utc-12Usa
26%
What is the past participle of swimSwum
24%
Which of these characters is NOT a harry potter characterTraver
18%

Score Distribution

Percentile by Number Answered

Percent of People with Each Score

Your Score History

You have not taken this quiz